000 00500cam a2200193ua 4500
001 4274
005 20260515113817.0
008 111222n ii |||gr||||Z||||||asm
040 _cMAIN
082 _a891.4513
100 1 _aLahori, Manoranjan,
245 1 1 _aBodo chuti galpa
_cby Manoranjan Lahori
250 _a1st.
260 _aGuwahati:
_bAnundoram Borooah institute of language,994.
300 _a146p:
_c23cm.
653 _aAssamese short stories
653 _aBodo chuti galpa
942 _cBK
999 _c4091
_d4091